000 00547nam a22001817a 4500
999 _c18947
_d18947
003 AR-CdUCM
008 190515b ||||| |||| 00| 0 spa d
040 _aMUNICIPALIDAD PROVINCIAL DEL CUSCO
_cBIBLIOTECA MUNICIPAL DEL CUSCO
082 _a514 /
_bN57
100 _aNiles, Nathan O.
_939881
245 _aTrigonometría plana /
260 _aMéxico :
_bLimusa Wiley,
_c1979.
300 _a269 paginas ;
_c23 cm.
505 _aContenido :Trigonometria /
650 _aTrigonométria
_939882
942 _2ddc
_cLIBROS
945 _arjall
_d2019-05-15